000 00457nam a2200145Ia 4500
008 230312s9999||||xx |||||||||||||| ||und||
082 _a658.31422
_bBIA-R
100 _aRebecca N. Bialopotocki
245 0 _aRecognition and Praise Relate to Teachers, Job Satisfacation
260 _bProQuest Information and Learning Comp
_aUSA
_c2006
300 _a88
546 _aEng.
650 _aManagement
_vIntroduction , Statement of the Problem
942 _cBK
999 _c589
_d589